00562nam a2200145Ia 4500008004100000020001800041041000800059082002100067100002200088245007600110260003800186300000900224999001900233952016400252230411s9999 xx 000 0 und d a81-7876-012-6 aeng aX/891/SWA/B06623 aSwami V N9179212 aMaharashtratil Samajsudharak Sant Sahtyik ani Thor Bharatiya Vicharvant bVidyabharti PrakashaaLaturc2011 a208p c156989d156989 001040708XaBTINbBTINd2011-03-11eShubham Sahitya Puneg70.00i4073l0oX 891 SWA B06623pBTIN-BK-6623r2023-04-11 00:00:00v52.00w2011-03-11yBKzB06623